000 00485nam a2200181Ia 4500
008 100921s9999 xx 000 0 und d
082 _b14077
_a820 ढ 76
100 _aJones William.
245 _aGods Of Greece.,Italy.
260 _b---
_c1876
300 _a47
_b---
365 _b0
520 _aललित इंग्रजी.
630 _aGods Of Greece.,Italy.
650 _aललित इंग्रजी.
730 _aGods Of Greece.,Italy.
942 _cBOOK
999 _c763190
_d763187